|
|
|
|
| LEADER |
00000cam a2200000 c 4500 |
| 001 |
1638810265 |
| 003 |
DE-627 |
| 005 |
20251225204359.0 |
| 007 |
tu |
| 008 |
880818s1987 xx ||||| 00| ||und c |
| 020 |
|
|
|a 0398053707
|9 0-398-05370-7
|
| 035 |
|
|
|a (DE-627)1638810265
|
| 035 |
|
|
|a (DE-576)01560666X
|
| 035 |
|
|
|a (DE-599)BSZ01560666X
|
| 035 |
|
|
|a (OCoLC)15696412
|
| 040 |
|
|
|a DE-627
|b ger
|c DE-627
|e rakwb
|
| 082 |
0 |
|
|a 613.8/3
|
| 100 |
1 |
|
|a Allen, William A.
|0 (DE-627)1234955008
|0 (DE-576)164955003
|4 aut
|
| 109 |
|
|
|a Allen, William A.
|a Allen, William Austin
|
| 245 |
1 |
0 |
|a How drugs can affect your life
|b the effects of drugs on safety and well-being, with special emphasis on prevention of drug use
|c by William A. Allen; Nicholas L. Piccone and Christopher D'Amanda
|
| 250 |
|
|
|a 2. ed.
|
| 264 |
|
1 |
|a Springfield, Ill.
|b Thomas
|c 1987
|
| 300 |
|
|
|a XIII, 235 S.
|b Ill.
|
| 336 |
|
|
|a Text
|b txt
|2 rdacontent
|
| 337 |
|
|
|a ohne Hilfsmittel zu benutzen
|b n
|2 rdamedia
|
| 338 |
|
|
|a Band
|b nc
|2 rdacarrier
|
| 583 |
1 |
|
|a Archivierung prüfen
|c 20200919
|f DE-640
|z 1
|2 pdager
|
| 700 |
1 |
|
|a Piccone, Nicholas L.
|4 aut
|
| 700 |
1 |
|
|a D'Amanda, Christopher
|0 (DE-627)1234955024
|0 (DE-576)16495502X
|4 aut
|
| 951 |
|
|
|a BO
|
| ELC |
|
|
|b 1
|
| LOK |
|
|
|0 000 xxxxxcx a22 zn 4500
|
| LOK |
|
|
|0 001 3298697125
|
| LOK |
|
|
|0 003 DE-627
|
| LOK |
|
|
|0 004 1638810265
|
| LOK |
|
|
|0 005 20151023142739
|
| LOK |
|
|
|0 008 880818||||||||||||||||ger|||||||
|
| LOK |
|
|
|0 040
|a DE-21
|c DE-627
|d DE-21
|
| LOK |
|
|
|0 852
|a DE-21
|
| LOK |
|
|
|0 852 1
|c KB 18 A 3877
|9 00
|
| LOK |
|
|
|0 935
|a krim
|
| LOK |
|
|
|0 939
|a 18-08-88
|b l01
|
| ORI |
|
|
|a SA-MARC-krimdoka001.raw
|
| SIG |
|
|
|a UB: KB 18 A 3877
|